<A> concise guide to macroeconomics what managers, executives, and students need to know
Salvato in:
| Autore principale: | |
|---|---|
| Natura: | Libro |
| Lingua: | inglese |
| Pubblicazione: |
Boston
Harvard Business School Press
2007
|
| Soggetti: | |
| Tags: |
Nessun Tag, puoi essere il primo ad aggiungerne!!
|
MARC
| LEADER | 00000nam$a2200000$$$4500 | ||
|---|---|---|---|
| 001 | 0090817 | ||
| 005 | 20240313132805.5 | ||
| 020 | |a 978-1-4221-0179-7 | ||
| 041 | 0 | |a eng | |
| 044 | |a US | ||
| 245 | 1 | 0 | |a <A> concise guide to macroeconomics |b what managers, executives, and students need to know |c David A. Moss |
| 264 | 1 | |a Boston |b Harvard Business School Press |c 2007 | |
| 300 | |a 189 s. | ||
| 610 | 2 | 0 | |a makroekonomika |
| 610 | 2 | 0 | |a výroba |
| 610 | 2 | 0 | |a peniaze |
| 610 | 2 | 0 | |a inflácia |
| 610 | 2 | 0 | |a politika peňažná |
| 610 | 2 | 0 | |a produkt domáci hrubý |
| 610 | 2 | 0 | |a bilancia platobná |
| 610 | 2 | 0 | |a úver |
| 610 | 2 | 0 | |a dlhy |
| 610 | 2 | 0 | |a miera úroková |
| 100 | 1 | |a Moss, David A. | |